Charger - TRIANGLE DES BERMUDES - Statistiques

Statistiques générales
  • Ce quiz a été pris 128 fois
  • Le résultat moyen est 206 sur 323
Statistiques - réponses
Réponse % Correct
charger
98%
Charger
98%
s
94%
à
90%
le
90%
les
87%
Les
87%
armes
86%
Sortez
85%
sortez
85%
feux
78%
J
73%
j
73%
Ma
70%
de
68%
ai
66%
yeux
65%
aux
64%
Triangle
64%
mes
61%
lunettes
60%
mal
59%
Brrrrr
56%
est
55%
pas
54%
on
53%
menacer
52%
mis
52%
régler
52%
tous
51%
contentieux
50%
du
50%
genre
50%
venu
50%
faire
48%
Babi
47%
suis
46%
trop
44%
I
38%
mon
35%
eh
33%
sorti
31%
toi
29%
9
28%
amour
28%
comme
28%
Corée
28%
Prépare
28%
en
27%
U
27%
ne
26%
millimètres
24%
aw
22%
nucléaires
21%
bazooka
20%
ils
20%
ont
20%
couru
19%
chérie
14%
côté
14%
Et
14%
non
14%
Famas
13%
moi
13%
di
12%
panique
12%
Brrrrraw
7%
Ki
7%
ki
7%
Z
7%
Kalachnikov
5%
aussi
2%
Aucun quiz correspondant
Distribution des résultats
% des personnes avec chaque résultat
Percentile par nombre de réponses
Votre historique - résultats
Vous n’avez pas pris ce quiz